Unscramble the Icelandic Cities - Statistics

General Stats
  • This quiz has been taken 256 times
  • The average score is 4 of 5
Answer Stats
Scrambled Answer % Correct
YKVAJREKI Reykjavik
99%
VKILAFEK Keflavik
90%
KUAYIRRE Akureyri
80%
SOSFSEL Selfoss
77%
RGUVOAKPO Kopavogur
60%
No matching quizzes found
Score Distribution
Percent of People with Each Score
Percentile by Number Answered
Your Score History
You have not taken this quiz